Trends in the judiciary interviews with judges across the globe Volume two

Bibliographic Details
Other Authors: Das, Dilip K., 1941- (Editor), Berlin, Michael M., 1954- (Contributor), Lowe, David (Editor)
Format: Book
Language:English
PhysicalDescription:xxxvi, 335 strán grafy, mapy 24 cm
Published: Boca Raton London New York CRC Press, Taylor & Francis Group [2015]
ISBN:9781482219166
Series:Interviews with global leaders in policing, courts, and prisons series
Subjects:

MARC

LEADER 00000nam a2200000 4500
001 vtls011918401
003 SK-MaSNL
005 20260506074803.0
008 200218s2015 xxudb frn 001 0deng
015 |a SNBZSA2023/05 
020 |a 9781482219166  |q (viazané) 
040 |a SNK  |b slo  |c SNK  |e rda 
041 0 |a eng 
044 |a xxu  |c US  |a xxk  |c GB 
072 7 |a 347.9  |x Občianske súdne konanie. Súdnictvo  |2 konspekt 
080 |a 347.99  |2 2011 
080 |a 347.962-055.1  |2 2011 
080 |a (048.8)  |2 2011 
080 |a (082)  |2 2011 
080 |a 347.962  |2 2011 
080 |a 34  |2 2011 
080 |a (100)  |2 2011 
080 |a (047.53)  |2 2011 
245 0 0 |a Trends in the judiciary  |b interviews with judges across the globe  |n Volume two  |c edited by David Lowe, Dilip K. Das with Michael M. Berlin 
264 1 |a Boca Raton  |a London  |a New York  |b CRC Press, Taylor & Francis Group  |c [2015] 
264 4 |c ©2015 
300 |a xxxvi, 335 strán  |b grafy, mapy  |c 24 cm 
336 |a text  |b txt  |2 rdacontent 
337 |a bez média  |b n  |2 rdamedia 
338 |a zväzok  |b nc  |2 rdacarrier 
490 1 |a Interviews with global leaders in policing, courts, and prisons series 
500 |a Obsahuje zoznam a profesijné pôsobenie prispievateľov a editorov na strane xix-xxv 
504 |a Bibliografia na strane 303-311. Register 
650 0 7 |a súdnictvo  |2 SNKPH  |9 2632 
650 0 7 |a Judicature  |2 SNKPHeng  |9 202564 
650 0 7 |a sudcovia  |2 SNKPH  |9 30661 
650 0 7 |a Judges  |2 SNKPHeng  |9 343058 
650 0 7 |a prísediaci  |2 SNKPH  |9 153321 
650 0 7 |a Lay judges  |2 SNKPHeng  |9 618873 
650 0 7 |a právo  |2 SNKPH  |9 976 
650 0 7 |a Law  |2 SNKPHeng  |9 265417 
650 0 7 |a Countries of the world  |2 SNKPHeng  |9 266537 
651 7 |a krajiny sveta  |2 SNKPH  |9 253334 
655 7 |a štúdie  |2 SNKPH  |9 57033 
655 7 |a zborníky  |2 SNKPH  |9 70165 
655 7 |a štúdie  |2 SNKPHeng  |9 57033 
655 7 |a Papers of several authors  |2 SNKPHeng  |9 153738 
655 7 |a rozhovory  |2 SNKPH  |9 31831 
655 7 |a Interviews  |2 SNKPHeng  |9 266520 
700 1 |a Das, Dilip K.,  |d 1941-  |4 edt  |9 564082 
700 1 |a Berlin, Michael M.,  |d 1954-  |4 ctb  |9 564084 
700 1 |a Lowe, David  |4 edt  |9 618874 
830 0 |a Interviews with global leaders in policing, courts, and prisons series  |9 564085 
852 |a Slovenská národná knižnica 
919 |a 978-1-4822-1916-6 
954 |a odborná, vedecká literatúra cudzojazyčná (svetová)  |2 lita 
954 |a odborná, vedecká literatúra pôvodná (slovenská)  |2 lita 
958 |a ZS 
958 |a NB 
999 |c 950670  |d 952600 
952 |a SNK  |b SNK  |y PREZ  |7 0  |p 17A1451402  |o snkSC 192159  |i snk2021/2480  |8 4  |g 100.68  |0 0  |1 0  |4 0  |d 2020-02-18  |l 0  |r 2025-10-09 00:00:00  |w 2026-02-24